Normal view
MARC view
- Szilassy, Zoltán,
Entry Personal Name
001 - CONTROL NUMBER
- control field: 153720
003 - CONTROL NUMBER IDENTIFIER
- control field: DLC
005 - DATE AND TIME OF LATEST TRANSACTION
- control field: 20260416130913.0
008 - FIXED-LENGTH DATA ELEMENTS
- fixed length control field: 850409n| acannaab| |n aaa |||
010 ## - LIBRARY OF CONGRESS CONTROL NUMBER
- LC control number: n 85092176
040 ## - CATALOGING SOURCE
- Original cataloging agency: DLC
- Transcribing agency: DLC
100 10 - HEADING--PERSONAL NAME
- Personal name: Szilassy, Zoltán,
- Dates associated with a name: 1947-
670 ## - SOURCE DATA FOUND
- Source citation: His American theater of the 1960s, c1986:
- Information found: CIP t.p. (Zoltán Szilassy) data sheet, etc. (b. 11/11/47, Sátoraljaujhely, Hungary; KLTE, English Dept.; JATE, Univ. of Szeged, Ph. D., 1974)



